Open Data Biblioteca Nacional de Portugal


República Portuguesa: Ministério da Cultura
Biblioteca Nacional de Portugal

Catálogo da BNP: acesso por Identificadores Unívocos
Registos Bibliográficos associados ao registo de autoridade

Etiqueta de registo: 00000nam 2200025 450
001 2280394
003 http://id.bnportugal.gov.pt/bib/catbnp/2280394
100 ## $a20260316d2025 k y0pory01030103ba
101 0# $aeng$dpor
102 ## $aPT
105 ## $aa m 000yy
106 ## $ar
200 1# $aTechnological change, new automation technologies and skills - employment and unwmployment$fNádia Cristina Monteiro da Costa$gorient. Hugo Miguel Fragoso de Castro Silva, Miguel Simões Torres Preto
210 #9 $aLisboa$c[s.n.],$d2025
215 ## $a138 p.$cil.$d30 cm
328 #1 $aTese dout. Engineering and Management, Instituto Superior Técnico, Universidade de Lisboa, 2025
675 ## $a316.42(043)$vBN$zpor$3623959
675 ## $a349.2(043)$vBN$zpor$31244519
700 #1 $aCosta,$bNádia Cristina Monteiro da$31991463
702 #1 $aSilva,$bHugo Miguel Fragoso de Castro$4727$31683518
702 #1 $aPreto,$bMiguel Simões Torres$4727$31226549
801 #0 $aPT$bBN$gRPC
966 ## $lBN$mFGMON$sS.C. 168924 V.$x1
971 ## $corlando$d20260316
973 ## $cigoulao$d20260415

OpendataBNP@bnportugal.pt | Mais informação sobre acesso aos dados BNP